000 00636nam a2200229Ia 4500
003 OSt
005 20220918194200.0
006 a|||||r|||| 00| 0
007 ta
008 220917b |||||||| |||| 00| 0 eng d
024 _a78,228
037 _cTextual
040 _aARTS
_cARTS
_beng
041 _2eng
_aeng
082 _aS, K1-;1
100 _aMurphy Gardner
245 0 _aChallenge of psychical research
_b a primer of parapsychology ed by Ruth Nanda Anshen
260 _c1961
490 _aWorld perspectives ed by Niels Bohr etc; 26
942 _hS, K1-;1
_cTEXL
_2CC
999 _c202034
_d202034